Juegos de razonamiento lógico: evaluación y desarrollo de las nociones de seriación, conservación y clasificación

Αποθηκεύτηκε σε:
Λεπτομέρειες βιβλιογραφικής εγγραφής
Κύριοι συγγραφείς: Chadwick Weinstein, Mariana (Συγγραφέας), Tarky, Isabel (Συγγραφέας)
Μορφή: Βιβλίο
Γλώσσα:Ισπανικά
Έκδοση: Santiago Andrés Bello 1998
Έκδοση:5a. ed
Θέματα:
Ετικέτες: Προσθήκη ετικέτας
Δεν υπάρχουν, Καταχωρήστε ετικέτα πρώτοι!

MARC

LEADER 00000nam a2200000 a 4500
001 UCI3610
003 CL-VaPUC
008 071116e19980000CL |||||||||||||||||spa|d
020 |a 9561308487 
082 0 4 |a 155.4243  |b CHA  |2 21 
100 0 |a Chadwick Weinstein, Mariana  |e author  |9 525008 
700 0 |a Tarky, Isabel  |e author  |9 525009 
245 1 0 |a Juegos de razonamiento lógico: evaluación y desarrollo de las nociones de seriación, conservación y clasificación 
250 |a 5a. ed 
300 |a 255 p 
942 |c BK 
945 |d 20071116 00:00:00  |a jtorresc 
260 |a Santiago  |b Andrés Bello  |c 1998 
650 7 |a RAZONAMIENTO INFANTIL  |2 CL-VaPUC  |9 310079 
650 7 |a PENSAMIENTO LOGICO  |2 CL-VaPUC  |9 310868 
650 7 |a MATEMATICAS RECREATIVAS  |2 CL-VaPUC  |9 269273 
650 0 |a Apresto  |9 309174 
650 0 |a Problemas, ejercicios, etc  |9 259377 
583 |a last modification  |c 20071116 00:00:00  |k Rodrigo Vera 
999 |c 327749  |d 327747 
952 |0 0  |1 0  |4 0  |6 155_424300000000000_CHA_1998  |7 0  |8 A  |9 411146  |a BIBEDU  |b BIBEDU  |d 2019-11-22  |i 4378520  |l 2  |m 1  |o 155.4243 CHA 1998  |p 4378520  |r 2024-05-24  |s 2024-05-14  |w 2019-11-22  |y BK  |k EBA